La orientación vocacional a través del currículum y de la tutoría : una propuesta para la etapa de 12 a 16 años /
Guardado en:
| Autor Principal: | |
|---|---|
| Otros Autores: | , , , , |
| Formato: | Libro |
| Publicado: |
Barcelona :
Grao / Ice,
1996
|
| Edición: | 4a. ed. |
| Series: | Materiales para la innovación eduacativa
|
| Materias: | |
| Etiquetas: |
Agregar Etiqueta
Sin Etiquetas, Sea el primero en etiquetar este registro!
|
| LEADER | 01138nam a22002895a 4500 | ||
|---|---|---|---|
| 001 | CEM.cems009454 | ||
| 005 | 20081209131337.0 | ||
| 008 | 130507s1996##################000#0#####d | ||
| 003 | CEMS | ||
| 020 | |a 8478270647 | ||
| 082 | 0 | 4 | |a 371.42 |
| 100 | 1 | |a Alvarez, Manuel | |
| 245 | 1 | 0 | |a La orientación vocacional a través del currículum y de la tutoría : |b una propuesta para la etapa de 12 a 16 años / |c Manuel Alvarez ... [et Al.] |
| 250 | |a 4a. ed. | ||
| 260 | |a Barcelona : |b Grao / Ice, |c 1996 | ||
| 300 | |a 237 p. | ||
| 490 | 0 | |a Materiales para la innovación eduacativa | |
| 505 | 0 | |a Presupuestos del modelo de orientación vocacional . Su implementación en el ámbito escolar -- La orientación vocacional a través del curriculum -- Orientación vocacional y tutoría -- Toma de decisiones. Evaluación del programa.Recursos | |
| 653 | |a Educación | ||
| 653 | |a Orientación vocacional | ||
| 653 | |a Tutoría | ||
| 700 | 1 | |a Fernández, Antoni | |
| 700 | 1 | |a Fernández, Rafael | |
| 700 | 1 | |a Flaquer, Teresa | |
| 700 | 1 | |a Moncosí, Jordi | |
| 700 | 1 | |a Sullá | |
| 859 | |a CEMS |b BIB. CEMS - 11 de abril |h 371.42 |i Al76a4 |p 19192.97 |t Ej.1 | ||
